LIBRARY & INFORMATION CENTRE, KCAET, TAVANUR

ONLINE PUBLIC ACCESS CATALOGUE (OPAC)

Rice / (Record no. 344)

MARC details
000 -LEADER
fixed length control field 00362cam a2200157ua 4500
041 ## - LANGUAGE CODE
Language code of text/sound track or separate title eng
082 ## - DEWEY DECIMAL CLASSIFICATION NUMBER
Classification number 633.18
Item number GRI/RI
100 ## - MAIN ENTRY--AUTHOR NAME
Personal name Grist, D.H .
245 ## - TITLE STATEMENT
Title Rice /
250 ## - EDITION STATEMENT
Edition statement 4 /
260 ## - PUBLICATION, DISTRIBUTION, ETC. (IMPRINT)
Place of publication :
Name of publisher Bylowe & Brydone (Printers) Ltd ,
Year of publication 1968.
300 ## - PHYSICAL DESCRIPTION
Number of Pages 548 ; .
942 ## - ADDED ENTRY ELEMENTS (KOHA)
Koha item type Books
Holdings
Withdrawn status Lost status Damaged status Home library Current library Date acquired Full call number Accession Number Koha item type
      KAUAET KAUAET 07/04/2012 633.18 12608 Books
free website counter